|
|
|
|
| LEADER |
00990nam a2200325 a 4500 |
| 001 |
000588344 |
| 003 |
CZ BrMZK |
| 005 |
20250430132827.0 |
| 007 |
ta |
| 008 |
020225s2002 xr g p cze d |
| 015 |
|
|
|a cnb001088657
|
| 020 |
|
|
|a 80-86569-11-X
|
| 035 |
|
|
|a (OCoLC)49836759
|
| 040 |
|
|
|a BOA001
|b cze
|
| 072 |
|
7 |
|a 821.162.3-1
|x Česká poezie
|2 Konspekt
|9 25
|
| 080 |
|
|
|a 821.162.3-1
|2 MRF
|
| 080 |
|
|
|a (0:82-1)
|2 MRF
|
| 080 |
|
|
|a (082.21)
|2 MRF
|
| 100 |
1 |
|
|a Gellner, František,
|d 1881-1914
|7 jk01032392
|4 aut
|
| 245 |
1 |
0 |
|a Vášeň, co do rána zchladne /
|c František Gelner
|
| 250 |
|
|
|a Vyd. ve výboru 1.
|
| 260 |
|
|
|a Praha :
|b Dokořán,
|c 2002
|
| 300 |
|
|
|a 90 s. :
|b il. ;
|c 15 cm
|
| 490 |
1 |
|
|a Mocca
|
| 655 |
|
7 |
|a česká poezie
|7 fd133958
|2 czenas
|
| 655 |
|
7 |
|a výbory
|7 fd133853
|2 czenas
|
| 830 |
|
0 |
|a Mocca
|0 s
|
| 910 |
|
|
|a BOA001
|b 1-1098.633
|
| 990 |
|
|
|a BK
|
| 996 |
6 |
|
|b 2610153957
|c 1-1098.633
|l MZK
|r Sklad / do 1 hodiny
|n 4
|p p.v.
|w 000588344
|u 000010
|a 1
|e BOA001
|j MZK50
|s P
|